| 000 | 00792nam a2200229Ia 4500 | ||
|---|---|---|---|
| 003 | OSt | ||
| 005 | 20251114145735.0 | ||
| 008 | 220923b |||||||| |||| 00| 0 eng d | ||
| 020 | _a9780231178303 | ||
| 037 | _cGeneral Book | ||
| 040 |
_aRTL _cRTL _beng |
||
| 041 |
_2eng _aeng |
||
| 084 |
_aY:3(P).49G, Q6 _qRTL |
||
| 100 |
_aHakala, Walter N. _9316520 |
||
| 245 | 0 | _aNegotiating languages: urdu, Hindi, the definition of modern South Asia | |
| 260 |
_aNew York _bColumbia University Press _c2016 |
||
| 300 |
_axix, 288 p. _bIncludes bibliographical references and index. |
||
| 500 | _aBibliography: p 183-190 | ||
| 650 |
_aSociology _9851475 |
||
| 942 |
_hY:3(P).49G, Q6 _cGB _2CC _n0 |
||
| 999 |
_c623037 _d623037 |
||